<?xml version="1.0" encoding="UTF-8"?>
<collection xmlns="http://www.loc.gov/MARC21/slim">
 <record>
  <leader>01230aam a22003618a 4500</leader>
  <controlfield tag="001">00035347</controlfield>
  <controlfield tag="005">20171026081023.0</controlfield>
  <controlfield tag="008">161202s2009                  ||||||Viesd</controlfield>
  <datafield tag="020" ind1="#" ind2="#">
   <subfield code="c">27000</subfield>
  </datafield>
  <datafield tag="041" ind1="0" ind2="#">
   <subfield code="a">Vie</subfield>
  </datafield>
  <datafield tag="082" ind1="1" ind2="#">
   <subfield code="a">495.922 1</subfield>
   <subfield code="b">D513H</subfield>
  </datafield>
  <datafield tag="100" ind1="1" ind2="#">
   <subfield code="a">Nguyễn, Thiện Giáp</subfield>
  </datafield>
  <datafield tag="245" ind1="1" ind2="0">
   <subfield code="a">Dụng học Việt ngữ</subfield>
   <subfield code="c">Nguyễn Thiện Giáp</subfield>
  </datafield>
  <datafield tag="250" ind1="#" ind2="#">
   <subfield code="a">In lần  thứ 4</subfield>
   <subfield code="b">Có sữa chữa</subfield>
  </datafield>
  <datafield tag="260" ind1="#" ind2="#">
   <subfield code="a">Hà Nội</subfield>
   <subfield code="b">Đại học Quốc gia Hà Nội</subfield>
   <subfield code="c">2009</subfield>
  </datafield>
  <datafield tag="300" ind1="#" ind2="#">
   <subfield code="a">235tr</subfield>
   <subfield code="c">19cm.</subfield>
  </datafield>
  <datafield tag="653" ind1="#" ind2="#">
   <subfield code="a">Hội thoại</subfield>
  </datafield>
  <datafield tag="653" ind1="#" ind2="#">
   <subfield code="a">Ngôn ngữ học</subfield>
  </datafield>
  <datafield tag="653" ind1="#" ind2="#">
   <subfield code="a">Ngữ dụng học</subfield>
  </datafield>
  <datafield tag="653" ind1="#" ind2="#">
   <subfield code="a">Tiếng Việt</subfield>
  </datafield>
  <datafield tag="852" ind1="#" ind2="#">
   <subfield code="b">Kho mượn</subfield>
   <subfield code="j">KM.0019799, KM.0019800</subfield>
  </datafield>
  <datafield tag="852" ind1="#" ind2="#">
   <subfield code="b">Kho đọc</subfield>
   <subfield code="j">KD.0019003</subfield>
  </datafield>
  <datafield tag="852" ind1="#" ind2="#">
   <subfield code="j">KD.0019003</subfield>
   <subfield code="j">KM.0019800</subfield>
   <subfield code="j">KM.0019799</subfield>
   <subfield code="j">KM.0031628</subfield>
   <subfield code="j">KM.0031629</subfield>
   <subfield code="j">KM.0031630</subfield>
   <subfield code="j">KM.0031631</subfield>
   <subfield code="j">KM.0031632</subfield>
   <subfield code="j">KM.0031633</subfield>
   <subfield code="j">KM.0031634</subfield>
   <subfield code="j">KM.0031635</subfield>
   <subfield code="j">KM.0031636</subfield>
   <subfield code="j">KM.0031637</subfield>
   <subfield code="j">KM.0031638</subfield>
   <subfield code="j">KM.0031639</subfield>
   <subfield code="j">KM.0031640</subfield>
   <subfield code="j">KM.0031641</subfield>
   <subfield code="j">KM.0031642</subfield>
   <subfield code="j">KM.0031643</subfield>
   <subfield code="j">KM.0031644</subfield>
  </datafield>
  <datafield tag="910" ind1=" " ind2=" ">
   <subfield code="d">02/12/2016</subfield>
  </datafield>
  <datafield tag="980" ind1="#" ind2="#">
   <subfield code="a">Trung tâm Học liệu Lê Vũ Hùng, Trường Đại học Đồng Tháp</subfield>
  </datafield>
 </record>
</collection>
